|
|
|
|
| LEADER |
01028nam a2200253 a 4500 |
| 001 |
GR-Patra37016 |
| 008 |
880808s1967 enkb g b 001 b eng d |
| 020 |
|
|
|a 0198880340
|
| 044 |
|
|
|b en
|
| 082 |
|
0 |
|a 330
|2 23
|
| 100 |
1 |
|
|a Sayers, R. S.
|q (Richard Sidney),
|d 1908-1989
|
| 245 |
1 |
2 |
|a A history of economic change in England, 1880-1939 /
|c R.S. Sayers.
|
| 260 |
|
|
|a London :
|b Oxford University Press,
|c 1967
|
| 300 |
|
|
|a viii, 179 σ. :
|b χάρτης ;
|c 20 εκ.
|
| 500 |
|
|
|a "OPUS 34"
|
| 500 |
|
|
|a Περιλαμβάνει ευρετήριο.
|
| 504 |
|
|
|a Bibliography: p. [169]-171.
|
| 651 |
|
0 |
|a Great Britain
|x Economic conditions
|y 19th century
|
| 651 |
|
0 |
|a Great Britain
|x Economic conditions
|y 20th century
|
| 710 |
0 |
|
|a Oxford University Press
|
| 942 |
|
|
|2 ddc
|
| 952 |
|
|
|0 0
|1 0
|2 ddc
|4 0
|6 330_000000000000000_SAY
|7 1
|9 317257
|a LISK
|b LISK
|c BSC
|d 2021-01-17
|e 24
|f 0
|g 0.00
|l 0
|o 330 SAY
|p 92410048875
|r 2021-01-17 00:00:00
|t 1
|w 2021-01-17
|y BKN
|x 20140827 0 0
|x GrPaTEI
|
| 971 |
|
|
|a .b2684588x
|b 15-04-20
|c 27-09-16
|
| 999 |
|
|
|c 180557
|d 180557
|